Soul Food by Picture - Statistics

General Stats
  • This quiz has been taken 21 times
  • The average score is 11 of 16
Answer Stats
Picture Answer % Correct
Mac and Cheese
100%
Collard Greens
87%
Cornbread
87%
Fried Chicken
87%
Peach Cobbler
87%
Sweet Potato Pie
87%
Banana Pudding
73%
Fried Catfish
73%
Shrimp and Grits
73%
Black Eyed Peas
67%
Candied Yams
67%
Cabbage
60%
Smothered Pork Chops
47%
Chitterlings
33%
Oxtail
27%
Turkey Wings
13%
No matching quizzes found
Score Distribution
Percent of People with Each Score
Percentile by Number Answered
Your Score History
You have not taken this quiz